Top 10 cities Switzerland - Sudden death - Statistics

General Stats
  • This quiz has been taken 46 times
  • The average score is 9 of 10
Answers on the Grid
Answers color-coded by a green-red scale on the quiz's grid according to % correct below.
Vevey
Baden
Lausanne
Aarau
Brig
Geneva
St. Gallen
Basel
Baar
Locarno
Nyon
Solothurn
Lucerne
Winterthur
Bern
Lugano
Bulach
Zurich
Wil
Biel
 
Answer Stats
Answer % Correct
Geneva
100%
Lucerne
100%
Basel
94%
Bern
94%
Zurich
94%
Lausanne
88%
St. Gallen
88%
Winterthur
88%
Biel
81%
Lugano
81%
No matching quizzes found
Score Distribution
Percent of People with Each Score
Percentile by Number Answered
Your Score History
You have not taken this quiz